000 00540nam a2200145Ia 4500
008 151021s9999 xx 000 0 und d
020 _a9966226028
050 _aLB2367.K2007
245 _a_How to write research and term papers Guidelines for selecting topics,conducting research,writing and referencing sources Joseph M.Kavulya
260 _aNairobi Jomo kenyatta foundation 2007
300 _avii,135p.
500 _aIncludes bibliography and index.
650 _a_How to write research paper
980 _a^d20101208 09:10:24^oanne
999 _c5501
_d5501